000
00253nam a2200097Ia 4500
008
120527s9999 xx 000 0 und d
100
_a
Smith,J.L
245
_a
The university of Miami neuro opthalmology
260
_b
Charles and Thomas Pub.
942
_c
BK
999
_c
19670
_d
19670